000 00346nam a22001457a 4500
082 _a510
_bPHO/E
100 _aPHONIX ACADEMY
245 _aEASY SCHOOL MATHS
_bMATHEMATICS
246 _aEASY SCHOOL MATHS
_bMATHEMATICS
260 _aCOCHIN
_bMILLNIUM PUBLICATIONS
300 _a432
520 _aMATHEMATICS
650 _aMATHEMATICS
942 _cBK
999 _c1301
_d1301